000 01979nam0a2200325 4500
001 RU\NLR\BIBL_A\022285756
005 20260420012829.0
010 _a978-5-7882-3119-8
_9100
021 _aRU
_bКН-П-24-034878
_9КН-П-24-3519
035 _a(NLR Aleph) 022285756
090 _a13661623
_c13661623
100 _a20240729d2022 u y0rusy50 ca
101 0 _arus
102 _aRU
105 _aa j 000yy
181 0 _ai
_baxxe
182 0 _an
200 1 _aХимия d-элементов
_eтеория и практика
_eучебно-методическое пособие
_eдля студентов, обучающихся по химико-технологических направлениям подготовки и специальномстям
_fТ. П. Петрова, Е. Е. Стародубец
_gпод редакцией проф. А. М. Кузнецова
_gМинистерство науки и высшего образования Российской Федерации, Казанский национальный исследовательский технологический университет
203 _aТекст
_bвизуальный
_cнепосредственный
210 _aКазань
_cИзд-во КНИТУ
_d2022
215 _a138 с.
_cил., табл.
_d20
320 _aБиблиогр.: с. 99
606 1 _aПереходные металлы
_jУчебно-методические пособия для высших учебных заведений
_xХимия
_91848747
_3RU\NLR\AUTH\66837559
686 1 _aГ115.1я73-1
700 1 _7ca
_8rus
_aПетрова
_bТ. П.
_cканд. хим. наук
_gТамара Петровна
_920334
_3RU\NLR\AUTH\7737345
701 1 _7ca
_8rus
_aСтародубец
_bЕ. Е.
_gЕлена Евгеньевна
_9241467
_3RU\NLR\AUTH\770241523
942 _cBOOK
980 _aNB